| 000 | 00941nam a2200217 i 4500 | ||
|---|---|---|---|
| 001 | 152904 | ||
| 003 | ES-MaACL | ||
| 005 | 20230906204924.0 | ||
| 008 | 931025m18501851sp |||| | spa d | ||
| 100 | 0 |
_aBuzeta, Manuel. _932997 |
|
| 245 | 1 | 0 |
_aDiccionario geográfico, estadístico, histórico de las Islas Filipinas ... / _cpor Manuel Buzeta y Felipe Bravo. |
| 260 |
_aMadrid : _b[s.n.], _c1850-1851 ( _fImprenta de José C. de la Peña) |
||
| 300 |
_a2 v.([6], VII, 567, [6] p., [2] h. de grab., [6] h. pleg. ; 476, 18, [14] h. pleg.). : _bil. ; _c27 cm. |
||
| 530 | _aDisponible en formato digital. | ||
| 597 | _aRetratos de Isabel II y de Francisco de Asís en v. 1. | ||
| 597 | _aTexto a dos col. | ||
| 651 | 4 |
_aFilipinas- _xDescripción. _98657 |
|
| 700 | 0 |
_aBravo, Felipe. _931451 |
|
| 852 |
_aES-MaACL _jG-1135-36 _z-- Enc. hol. |
||
| 856 |
_uhttp://bdh-rd.bne.es/viewer.vm?id=0000007635&page=1 _zBiblioteca Digital Hispánica |
||
| 999 |
_c152904 _d152904 |
||